| 000 | 00691nam a2200217 u 4500 | ||
|---|---|---|---|
| 005 | 20240906063808.0 | ||
| 008 | 090629s2004 ag r 000 0 spa d | ||
| 020 | _a9871142404 | ||
| 035 | _aUPN01000171512 | ||
| 049 | _aCG | ||
| 050 | 4 |
_aBF721 _bR6.7 |
|
| 100 | 1 | _aRosales, Glady Emma | |
| 245 | 1 | 3 |
_aEl niño de 2 a 6/7 años y la representación tridimensional de los objetos que habitan su entorno ecológico / _cGlady Emma Rosales. |
| 260 |
_aCórdoba, Arg. : _bBrujas, _c[2004]. |
||
| 300 |
_a118 p. : _bil. |
||
| 650 | 4 |
_aPsicología infantil _990 |
|
| 650 | 4 |
_aDesarrollo infantil _9176 |
|
| 650 | 4 |
_aCONOCIMIENTO Y APRENDIZAJE _912091 |
|
| 905 | _aLibro | ||
| 999 |
_c143617 _d143617 |
||